Company Mascot Blitz II Quiz Stats

 Plays Quiz Updated Jul 8, 2019

Score 0/16 Timer 01:00
5 Plays Today
% Correct
Jolly Green Giant
94.2%
Tony the Tiger
94.1%
Bugs Bunny
93.9%
Mr. Peanut
93.4%
Wendy
93.3%
Energizer Bunny
93.2%
Colonel Sanders
93%
Cap'n Crunch
92.4%
% Correct
Toucan Sam
91.7%
Snuggle Bear
91.7%
Chuck E. Cheese
91%
Felix
81.6%
Larry the Bird
73.8%
Mr. Six
73.2%
Poppin' Fresh
70.6%
Duke
56.2%

You're not logged in!

Compare scores with friends on all Sporcle quizzes.
OR
Log In

Sporcle TV

Today on Sporcle TV


Watch our educational content, quiz creation guides, and fun videos on Sporcle TV.

Show Comments

Extras

Top Quizzes Today


Score Distribution

Your Account Isn't Verified!

In order to create a playlist on Sporcle, you need to verify the email address you used during registration. Go to your Sporcle Settings to finish the process.

Report this User

Report this user for behavior that violates our Community Guidelines.

Details: